Marketingová stratégia obchodnej firmy

Guardado en:
Detalles Bibliográficos
Autor principal: Plekancová, Michaela (Autor)
Otros Autores: Plchová, Jana (Orientador)
Formato: Manuscrito Libro
Lenguaje:eslovaco
Publicado: 2015
Materias:
Acceso en línea:http://is.stuba.sk/zp/portal_zp.pl?podrobnosti=102302
Etiquetas: Agregar Etiqueta
Sin Etiquetas, Sea el primero en etiquetar este registro!

MARC

LEADER 00000ntm a22000003a 4500
001 stuzp52912
003 SK-STU
005 20160719154322.7
007 ta
008 150427s2015----xo-----f-mn---000-0-slo-d
040 |a STU  |b slo 
041 0 |a slo 
100 1 |a Plekancová, Michaela  |u 902024  |4 aut  |U Ústav manažmentu STU  |T ÚM - Oddelenie manažmentu chemických a potravinárskych technológií  |X 61624  |U R2024  |Y 408  |7 61624 
242 0 1 |a Marketing strategy of a trading company  |y eng 
245 1 0 |a Marketingová stratégia obchodnej firmy 
260 |c 2015 
650 4 |a marketingová stratégia  |2 slo 
650 4 |a marketingové prostredie  |2 slo 
650 4 |a segmenty trhu  |2 slo 
650 4 |a SWOT analýza  |2 slo 
650 4 |a polopodzemný kontajner  |2 slo 
650 4 |a marketing strategy  |2 eng 
650 4 |a marketing enviroment  |2 eng 
650 4 |a market segments  |2 eng 
650 4 |a SWOT analysis  |2 eng 
650 4 |a semi-underground container  |2 eng 
700 1 |a Plchová, Jana  |4 ths  |X 1766  |7 A000001766 
856 4 |u http://is.stuba.sk/zp/portal_zp.pl?podrobnosti=102302 
SQL |a stuzp52912  |b DBP  |c SLO  |d Marketingová stratégia obchodnej firmy  |e 61624  |f Plekancová, Michaela  |g 902024  |h 1766  |i Plchová, Jana  |j 20150714  |k 104  |l 04  |m http://is.stuba.sk/zp/portal_zp.pl?podrobnosti=102302  |n B-AIM  |o 5.2.14. automatizácia, 5.2.52. priemyselné inžinierstvo